000 00439nam a2200169 a 4500
001 0000-9119
003 ELIB.Books
008 110520 1947
035 _a(ELIB.Books)0000-9268
082 _a230
_bHar
100 _aHarkness, Georgia
245 _aUnderstanding the Christian Faith
260 _bNashville: Abingdon-Cokesbury Press
_c1947
650 _aTheology
942 _2ddc
_cBK
998 _cbat
_e2011-05-20
999 _c9119
_d9119